000
00197 a2200097 4500
001
23018
100
_a
Abegg, L
245
_a
Mind of East Asia
260
_a
_b
Thames
_c
1952
090
_c
15561
_d
15561
942
_a
NUST-CAE
_c
M
_c
6182
999
_c
258091
_d
258091